Provincias españolas - ¡Muerte súbita! - Estadísticas

Estadísticas generales
  • Esta prueba ha sido intentada 23.453 veces
  • La puntuación promedio es 9 de 20
Answers on the Grid
Answers color-coded by a green-red scale on the quiz's grid according to % correct below.
Mérida
Bilbao
Plasencia
Ciudad Rodrigo
Cartagena
Andalucía
San Cristóbal de La Laguna
Santiago de Compostela
Jerez
Ceuta
Vigo
Vitoria
Navarra
Murcia
Barcelona
Huesca
Málaga
Granada
León
Cádiz
Cuenca
Cantabria
La Rioja
Salamanca
Ávila
Lugo
Pontevedra
Teruel
Soria
Badajoz
Baleares
Albacete
 
Estadísticas de respuestas
Respuesta % Correcto
Cádiz
51%
Málaga
51%
Barcelona
50%
Granada
50%
León
50%
Murcia
50%
Albacete
47%
Ávila
47%
Badajoz
47%
Huesca
47%
Salamanca
47%
Teruel
47%
Cuenca
46%
La Rioja
46%
Lugo
46%
Soria
46%
Cantabria
44%
Navarra
43%
Pontevedra
43%
Baleares
35%
No se encontraron pruebas coincidentes
Distribución de puntuación
Porcentaje de gente con cada puntuación
Porcentaje por número respondido
Historial de tus puntuaciones
No has intentado esta prueba.